000
00333nam a2200133 4500
999
_c
9601
_d
9601
003
OSt
005
20210705121124.0
008
210705b ||||| |||| 00| 0 eng d
020
_a
9780750685504
082
_a
721.04
_b
CHA
100
_a
Charleson, Andrew
245
_a
Seismic design for architects : outwitting the quake
942
_2
ddc